| 000 | 00371nam a2200157 a 4500 | ||
|---|---|---|---|
| 008 | 031204s1969||||xx 0 und c | ||
| 040 |
_aSNK _bslo _cSNK _eAACR2 |
||
| 100 | 1 | _aMarx, Karol | |
| 245 | 1 | 0 | _aKu kritike politickej ekonómie |
| 250 | _a2. vyd. | ||
| 260 |
_aBratislava _bEpocha _c1969 |
||
| 300 | _a217 s. | ||
| 020 | _c14 | ||
| 041 | _aslo | ||
| 044 |
_axo _cSK |
||
| 999 |
_c15579 _d15579 |
||